Čarnogurský v montérkach uprace Luník IX

Bibliographic Details
Main Author: (ver) (iný) (Author)
Format: Article
Language:Slovak
Subjects:

MARC

LEADER 00000nab a2200000 a 4500
001 vtls000926253
003 SK-MaSNL
005 20260304221017.0
008 040720e19990824xo 0 slo
035 |a KE35130 
040 |a KEVKJB  |b slo  |c KEVKJB  |e AACR2 
041 0 |a slo 
044 |a xo  |c SK 
080 |a 323(437.671)  |2 1981 
080 |a 397  |2 1981 
100 0 |a (ver)  |c (iný)  |4 aut  |9 164677 
245 1 0 |a Čarnogurský v montérkach uprace Luník IX 
650 0 7 |a návštevy vládne  |2 KEVKJB  |9 1016367 
650 0 7 |a Rómovia  |2 KEVKJB  |9 1702 
650 0 7 |a informácie  |2 KEVKJB  |9 1285 
651 7 |a Košice (Slovensko)  |2 KEVKJB  |9 18694 
651 7 |a KE,  |2 KEVKJB  |9 877256 
655 7 |a periodikum  |2 snkbucl  |9 29553 
773 0 8 |t Nový čas  |g Roč. 9  |g Roč. 28, č.195, 24.8.1999, s. 2 
852 |a ZVYKNI  |b KIS3GCP 
999 |c 3155413  |d 3157343